000 00242 a2200109 4500
001 34597
090 _c22880
_d22880
100 _aDulaney, Emmett
245 _aMCSE Core plus 2 Certification Exam Guide 6-in-1
260 _aND
_bPHI
505 _aCD/DVD
942 _aNUST-CAE
999 _c269670
_d269670